Laddar...
Patravyavahar nirdesika ed by Bholanath Tivari /
| Huvudupphovsman: | |
|---|---|
| Språk: | Undetermined |
| Publicerad: |
New Delhi :
Ankur Prakasan ,
1986.
|
| LEADER | 00480nam a2200133Ia 4500 | ||
|---|---|---|---|
| 001 | 106298 | ||
| 008 | 170722s9999 xx 000 0 und d | ||
| 100 | |a Kulsreshta, Vijay | ||
| 245 | |a Patravyavahar nirdesika ed by Bholanath Tivari / | ||
| 260 | |a New Delhi : |b Ankur Prakasan , |c 1986. | ||
| 300 | |a 166 p. |c 21.5cms | ||
| 942 | |c GEN | ||
| 999 | |c 107293 |d 107293 | ||
| 952 | |0 0 |1 0 |4 0 |6 X_8M4P152_152M6 |7 0 |8 LC1 |9 151256 |a LIB |b LIB |d 2017-08-12 |h LC1 |o X:8M4(P152) 152M6 |p 203623 |r 2017-08-12 |v 75.00 |w 2017-08-12 |y GEN | ||